=LDR 00000nam 2200000 4500 =001 INLIS000000000004270 =005 20130612092536 =008 ***********************************Ind** =035 ##$$0010-061300000004270 =041 ##$$a Ind =082 ##$$a 959.8 =090 ##$$a 959.8, Ind =245 ##$$a Indonesia di tengah transisi : aspek-aspek sosial reformasi dan krisis / editor Chris Mauning; peter Van Diermen. -- =260 ##$$a 2000 $b Yogyakarta : LKIS =300 ##$$a xxviii, 445 hlm. ; 25 cm =650 ##$$a Indonesia-Politik Sosial =700 ##$$a Mauning, Chris =850 ##$$a NBPNMAT